00432 a2200109 4500001001000000005001700010008004100027245011100068100002100179773010500200999001700305ART_2595320260410161935.0260409a 10aLa responsabilidad moral de las corporaciones y el relativismo cultural y ético en los negocios globales1 aMontuschi, Luisa0 tAnales de la Academia Nacional de Ciencias Económicasg- Vol. XLVIII, (2003) (ene. 2004)wREV25596 c28949d28949